• 首页
  • 本馆介绍
  • 公告通知
  • 最新文献
  • 馆藏检索
  • 电子资源
  • 读者导购
  • 参考咨询
  • 我的图书馆
  • 登录
  • 详细信息显示
  • 放入我的书架
  • 预约/预借图书
  • 作者相关作品
  • 分类相关作品
  • 丛书相关作品
  • 出版社相关作品

书目信息

  • 表格格式
  • 工作单格式
  • 卡片格式
题名:
中小学实验教学指导与创新案例
    
 
作者: ;中国教育装备行业协会 编
分册:   高中物理
出版信息: 北京   教育科学出版社  2024.06
页数: 264页
开本: 24cm
丛书名:
单 册:
中图分类: G632.421 , G633.72
科图分类:
主题词: 实验教学法--教学研究--中小学 , 中学物理课--实验--教学研究--高中
电子资源:
ISBN: 978-7-5191-3916-2
000 01246nam0 2200301 450
001 0100084556
005 20250616172038.3
010    @a978-7-5191-3916-2@dCNY52.00
035    @a(A100000NLC)013217463
049    @aA100000NLC@bUCS01012877795@c013217463@dNLC01
100    @a20241101d2024 em y0chiy50 ea
101 0  @achi
102    @aCN@b110000
105    @aa z 000yy
106    @ar
200 1  @a中小学实验教学指导与创新案例@9zhong xiao xue shi yan jiao xue zhi dao yu chuang xin an li@i高中物理@b专著@f中国教育装备行业协会编
210    @a北京@c教育科学出版社@d2024.06
215    @a264页@c图@d24cm
300    @a2022年度山东省基础教育教学改革资助项目“中小学拔尖创新后备人才贯通培养的研究与实践”研究成果
330    @a本书分为实验设计原则与理论指导、实验教学创新案例、结语三部分。内容包括:科学教育视域下的中学实验教学、高中物理课程性质和实验教学现状等。
333    @a教育工作者
606 0  @a实验教学法@x教学研究@x中小学
606 0  @a中学物理课@x实验@x教学研究@x高中
690    @aG632.421@v5
690    @aG633.72@v5
711 02 @a中国教育装备行业协会@9zhong guo jiao yu zhuang bei hang ye xie hui@4编
801  0 @aCN@b人天书店@c20250616
905    @b1624902-6@b216249030@b216249049@b216249058@b216249067@dG632.421@e3003@f5
    
    中小学实验教学指导与创新案例.高中物理/中国教育装备行业协会编.-北京:教育科学出版社,2024.06
    264页:图;24cm
    2022年度山东省基础教育教学改革资助项目“中小学拔尖创新后备人才贯通培养的研究与实践”研究成果.-使用对象:教育工作者
    
    ISBN 978-7-5191-3916-2:CNY52.00
    本书分为实验设计原则与理论指导、实验教学创新案例、结语三部分。内容包括:科学教育视域下的中学实验教学、高中物理课程性质和实验教学现状等。
●
相关链接 在E读中查询图书 在五车中查询图书 在当当中查询图书 在豆瓣中查询图书


正题名:中小学实验教学指导与创新案例     索取号:G632.421/3003         预约/预借

序号 登录号 条形码 馆藏地/架位号 状态 备注
1 1624902   216249021   第一样本阅览室/ [索取号:G632.421/3003] 在馆    
2 1624903   216249030   第四借阅区/ [索取号:G632.421/3003] 在馆    
3 1624904   216249049   第四借阅区/ [索取号:G632.421/3003] 在馆    
4 1624905   216249058   第四借阅区/ [索取号:G632.421/3003] 在馆    
5 1624906   216249067   第四借阅区/ [索取号:G632.421/3003] 在馆    
唐山师范学院图书馆 欢迎您!
大连网信软件有限公司© 版权所有